Fruit or vegetable? - Statistics

General Stats
  • This quiz has been taken 78 times
  • The average score is 9 of 14
Answer Stats
Hint Answer % Correct
Banana Fruit
96%
Broccoli Vegetable
91%
Lettuce Vegetable
86%
Carrot Vegetable
84%
Tomato Fruit
79%
Potato Vegetable
79%
Avocado Fruit
75%
Olive Fruit
58%
Pumpkin Fruit
56%
Eggplant Fruit
56%
Cucumber Fruit
49%
Pepper Fruit
42%
Eggplant Fruit
35%
Okra Fruit
25%
No matching quizzes found
Score Distribution
Percent of People with Each Score
Percentile by Number Answered
Your Score History
You have not taken this quiz